000 00477nam a2200169Ia 4500
003 IN-BaIIA
008 211028s9999 xx 000 0 eng d
040 _cIIA Library
080 _a550.38
_bBLA
100 _aBlakckett, P. M. S.
_93350
245 0 _aLectures on rock magnetism
_cBlackett, P. M. S
260 _aJerusalem
_bWeizmann Science Press of Israel
_c1956
300 _a131p.
650 _aAstronomy and Astrophysics Thesaurus
650 _aMagnetism
_956
942 _cBK
999 _c1697
_d1697